000 00402cam a2200169ua 4500
020 _c3.00
041 _ahin
_h
082 _a891.54
_bSHR/NA
100 _aShri Ram Nath, Suman .
245 _aNayi Zindagi /
_cShri Ram Nath Suman.
_hTextual Documents
260 _a :
_bRajpal and Sanch ,
_c1961.
300 _a188 ; .
365 _a3.00
504 _a
942 _cBK
999 _c8259
_d8259